000 00641nam a2200229Ia 4500
003 OSt
005 20220926012800.0
006 a|||||r|||| 00| 0
007 ta
008 220923b |||||||| |||| 00| 0 eng d
037 _cGeneral Book
040 _aRTL
_cRTL
_beng
041 _2eng
_aeng
082 _aU43, L1
100 _aLoewenstein Louis K Ed.
_9317251
245 0 _aUrban studies
_b An introductory reader
260 _aNew York
_bFree Press U. S. A.
_c1971
300 _axxvi, 539p
_ccm.
650 _aGeography-Urban
942 _hU43, L1
_cGB
_2CC
999 _c624328
_d624328